000 00625nam a2200253Ia 4500
005 20260121155433.0
008 008 260114s9999 xx 000 0 eng d
020 _a9780429340956
037 _aEBOOK
040 _aCRL
040 _beng
040 _cCRL
041 _2eng
041 _aeng
084 _qCRL
100 _a Leora Hadas
_91019482
245 0 _aAuthorship as Promotional Discourse in the Screen Industries
260 _bTaylor and Francis
260 _c2020
856 _uhttp://www.taylorfrancis.com/books/9780429340956
942 _cEBOOK
999 _c1586301
_d1586301